[Event "World Rapid Championship"]
[Site "Moscow RUS"]
[Date "2019.12.26"]
[EventDate "2019.12.26"]
[Round "1.9"]
[Result "1/2-1/2"]
[White "Dominguez Perez, Leinier"]
[Black "Rinat Jumabayev"]
[WhiteElo "2758"]
[BlackElo "2646"]
[PlyCount "114"]

1. e4 e6 2. d4 d5 3. Nc3 Nf6 4. e5 Nfd7 5. Nce2 c5 6. c3 Nc6 7. Nf3 b5 8. a3 Qb6
9. Nf4 a5 10. Be3 cxd4 11. cxd4 b4 12. a4 b3 13. Bb5 Ba6 14. Bxa6 Bb4+ 15. Kf1
Qxa6+ 16. Kg1 Rb8 17. h4 h6 18. Qxb3 Be7 19. Qc2 Nb4 20. Qd1 Rc8 21. Ne1 Rc6 22.
Rh3 g6 23. Rc1 h5 24. Nfd3 Rxc1 25. Bxc1 Nxd3 26. Nxd3 Qc4 27. Nf4 Bb4 28. b3
Qc6 29. Bd2 Qb6 30. Bxb4 Qxb4 31. Qc2 Ke7 32. Rd3 Qe1+ 33. Kh2 Rb8 34. Rc3 Qe4
35. Qxe4 dxe4 36. Ne2 Rb4 37. Rc7 Rxb3 38. Ng3 Rb4 39. Nxe4 Rxd4 40. f3 Kd8 41.
Ra7 Rxa4 42. Rxd7+ Kxd7 43. Nc5+ Kc6 44. Nxa4 Kb5 45. Nc3+ Kb4 46. Nb1 Kb3 47.
Kg3 a4 48. Kf4 Kc2 49. Na3+ Kb3 50. Nb5 Kc4 51. Na3+ Kb3 52. Nb1 Kc2 53. Na3+
Kb3 54. Nb5 Kc4 55. Na3+ Kb3 56. Nb5 Kc4 57. Na3+ 1/2-1/2

[Event "World Rapid Championship"]
[Site "Moscow RUS"]
[Date "2019.12.26"]
[EventDate "2019.12.26"]
[Round "2.41"]
[Result "0-1"]
[White "Dmitry Frolyanov"]
[Black "Dominguez Perez, Leinier"]
[WhiteElo "2556"]
[BlackElo "2758"]
[PlyCount "62"]

1. e4 c5 2. Nf3 d6 3. d4 cxd4 4. Nxd4 Nf6 5. Nc3 a6 6. Bg5 Nbd7 7. Qe2 Qc7 8.
O-O-O e6 9. f4 b5 10. a3 Be7 11. g4 h6 12. Bh4 Rb8 13. Bg3 b4 14. axb4 Rxb4 15.
e5 dxe5 16. fxe5 Nh5 17. gxh5 Bg5+ 18. Kb1 Qxc3 19. Nb3 Qc7 20. h4 Bf4 21. Qe1
Ra4 22. Bxf4 Rxf4 23. Rg1 Qxe5 24. Qd2 O-O 25. Nd4 Nf6 26. Nc6 Qc7 27. Bh3 e5
28. Qg2 Nxh5 29. Bxc8 Rxc8 30. Rd3 Qxc6 31. Rc3 Rc4 0-1

[Event "World Rapid Championship"]
[Site "Moscow RUS"]
[Date "2019.12.26"]
[EventDate "2019.12.26"]
[Round "3.16"]
[Result "1-0"]
[White "Dominguez Perez, Leinier"]
[Black "Nikita Vitiugov"]
[WhiteElo "2758"]
[BlackElo "2747"]
[PlyCount "60"]

1. e4 e6 2. d4 d5 3. Nc3 Nf6 4. e5 Nfd7 5. Nce2 c5 6. c3 Nc6 7. Nf3 Qa5 8. a3
cxd4 9. b4 Qc7 10. cxd4 b5 11. Nf4 a5 12. Bxb5 Qb6 13. a4 Bxb4+ 14. Kf1 Ba6 15.
Bxa6 Qxa6+ 16. Kg1 h5 17. g3 g6 18. Kg2 Nb6 19. h3 Be7 20. Ne2 Nb4 21. Ra3 Rc8
22. Bg5 Rc2 23. Re1 Qc4 24. Bxe7 Kxe7 25. Ng5 Rf8 26. Nf4 Rg8 27. Qf3 Qxd4 28.
Ne2 Qxe5 29. Qxf7+ Kd6 30. Re3 1-0

[Event "World Rapid Championship"]
[Site "Moscow RUS"]
[Date "2019.12.26"]
[EventDate "2019.12.26"]
[Round "4.7"]
[Result "0-1"]
[White "Artyom Timofeev"]
[Black "Dominguez Perez, Leinier"]
[WhiteElo "2588"]
[BlackElo "2758"]
[PlyCount "76"]

1. c4 e6 2. Nc3 d5 3. d4 Nf6 4. Bg5 Be7 5. e3 h6 6. Bxf6 Bxf6 7. Qf3 dxc4 8.
Bxc4 c5 9. Bb5+ Nd7 10. Nge2 O-O 11. O-O-O cxd4 12. Nxd4 Qb6 13. Kb1 Nc5 14. h4
a6 15. Ba4 Rd8 16. Bc2 Bd7 17. Ne4 Nxe4 18. Qxe4 Bc6 19. Qh7+ Kf8 20. f3 Ke7 21.
Qd3 Ke8 22. Qh7 Rac8 23. Be4 Ba4 24. Rc1 Rxc1+ 25. Rxc1 Rxd4 26. exd4 Qxd4 27.
Qg8+ Ke7 28. Rc7+ Bd7 29. Rc2 Qd1+ 30. Rc1 Qd4 31. Rc2 Qg1+ 32. Rc1 Qxg2 33. Rc2
Qg1+ 34. Rc1 Qb6 35. Rc2 Qg1+ 36. Rc1 Qb6 37. Rc2 Ba4 38. Rg2 Bxb2 0-1

[Event "World Rapid Championship"]
[Site "Moscow RUS"]
[Date "2019.12.26"]
[EventDate "2019.12.26"]
[Round "5.3"]
[Result "1-0"]
[White "Dominguez Perez, Leinier"]
[Black "Anish Giri"]
[WhiteElo "2758"]
[BlackElo "2769"]
[PlyCount "110"]

1. e4 c5 2. Nf3 d6 3. d4 cxd4 4. Nxd4 Nf6 5. Nc3 a6 6. Be3 e5 7. Nb3 Be6 8. f3
h5 9. Nd5 Bxd5 10. exd5 Nbd7 11. Qd2 g6 12. O-O-O Bg7 13. Kb1 Qc7 14. Be2 O-O
15. g4 Rfc8 16. Rc1 hxg4 17. fxg4 a5 18. g5 a4 19. gxf6 Nxf6 20. h4 axb3 21.
cxb3 Qd7 22. Rcf1 Ne4 23. Qe1 Qc7 24. Bd3 Nc5 25. Bxc5 Qxc5 26. Qe4 f5 27. Rxf5
gxf5 28. Qxf5 Rc7 29. Rf1 Bf8 30. Qg6+ Kh8 31. Qh5+ Kg8 32. Qg6+ Kh8 33. Rg1
Qxg1+ 34. Qxg1 Bh6 35. Bc4 Rg8 36. Qb6 Rd7 37. Bb5 Rdg7 38. a4 Rg6 39. Bd3 Rf6
40. Qxb7 Bg7 41. Qb4 Rf4 42. Qxd6 Rxh4 43. Qe7 Rh1+ 44. Ka2 e4 45. Qxe4 Rh2 46.
Bc2 Rc8 47. Kb1 Rcxc2 48. Qxc2 Rxc2 49. Kxc2 Kg8 50. Kd3 Kf8 51. a5 Be5 52. Kc4
Ke7 53. a6 Bb8 54. Kc5 Kd7 55. Kb6 1-0

[Event "World Rapid Championship"]
[Site "Moscow RUS"]
[Date "2019.12.27"]
[EventDate "2019.12.26"]
[Round "6.2"]
[Result "1/2-1/2"]
[White "Ilia Smirin"]
[Black "Dominguez Perez, Leinier"]
[WhiteElo "2607"]
[BlackElo "2758"]
[PlyCount "50"]

1. e4 c5 2. Nf3 d6 3. d4 cxd4 4. Nxd4 Nf6 5. Nc3 a6 6. f4 e5 7. Nf3 Nbd7 8. a4
Qc7 9. Bd3 Be7 10. O-O O-O 11. Kh1 Nc5 12. Qe1 Re8 13. fxe5 dxe5 14. Qg3 Be6 15.
Qxe5 Bd6 16. Qg5 h6 17. Qh4 Ng4 18. Nd5 Qd8 19. Bf4 Bxd5 20. Qxg4 Be6 21. Qg3
Bxf4 22. Qxf4 Nxd3 23. cxd3 Qxd3 24. Rad1 Qc4 25. Nd4 1/2-1/2

[Event "World Rapid Championship"]
[Site "Moscow RUS"]
[Date "2019.12.27"]
[EventDate "2019.12.26"]
[Round "8.3"]
[Result "1/2-1/2"]
[White "Alexander Motylev"]
[Black "Dominguez Perez, Leinier"]
[WhiteElo "2640"]
[BlackElo "2758"]
[PlyCount "20"]

1. e4 e5 2. Nf3 Nc6 3. Nc3 Nf6 4. d4 exd4 5. Nxd4 Bb4 6. Nxc6 bxc6 7. Bd3 O-O 8.
O-O d5 9. Bd2 Rb8 10. Re1 Ra8 1/2-1/2

[Event "World Rapid Championship"]
[Site "Moscow RUS"]
[Date "2019.12.27"]
[EventDate "2019.12.26"]
[Round "9.4"]
[Result "1/2-1/2"]
[White "Dominguez Perez, Leinier"]
[Black "Gadir Guseinov"]
[WhiteElo "2758"]
[BlackElo "2666"]
[PlyCount "40"]

1. e4 c5 2. Nf3 g6 3. d4 cxd4 4. Nxd4 Nc6 5. c4 Nf6 6. Nc3 Nxd4 7. Qxd4 d6 8. f3
Bg7 9. Be3 O-O 10. Qd2 Be6 11. Rc1 Qa5 12. b3 Rfc8 13. Be2 a6 14. Na4 Qxd2+ 15.
Kxd2 Nd7 16. g4 f5 17. exf5 gxf5 18. h3 Rf8 19. f4 Rad8 20. Rhd1 1/2-1/2

[Event "World Rapid Championship"]
[Site "Moscow RUS"]
[Date "2019.12.27"]
[EventDate "2019.12.26"]
[Round "10.3"]
[Result "1/2-1/2"]
[White "Ian Nepomniachtchi"]
[Black "Dominguez Perez, Leinier"]
[WhiteElo "2767"]
[BlackElo "2758"]
[PlyCount "42"]

1. e4 e5 2. Nf3 Nc6 3. Bb5 Nf6 4. Nc3 Nd4 5. Bc4 Bc5 6. d3 d6 7. Na4 b5 8. Nxd4
bxc4 9. Nf5 Bxf5 10. exf5 cxd3 11. Nxc5 dxc5 12. cxd3 O-O 13. O-O Qd7 14. Qf3
Rfd8 15. Be3 Qxd3 16. Rac1 c4 17. h3 h6 18. Rfd1 Qe4 19. Rxd8+ Rxd8 20. Qxe4
Nxe4 21. Bxa7 1/2-1/2

[Event "World Rapid Championship"]
[Site "Moscow RUS"]
[Date "2019.12.28"]
[EventDate "2019.12.26"]
[Round "12.3"]
[Result "1/2-1/2"]
[White "Alexander Grischuk"]
[Black "Dominguez Perez, Leinier"]
[WhiteElo "2777"]
[BlackElo "2758"]
[PlyCount "130"]

1. Nf3 d5 2. g3 Nf6 3. Bg2 e6 4. O-O Be7 5. d3 O-O 6. Bf4 b6 7. e4 dxe4 8. dxe4
Bb7 9. e5 Qxd1 10. Rxd1 Nd5 11. Bg5 Bxg5 12. Nxg5 h6 13. Nxe6 fxe6 14. c4 Ne3
15. fxe3 Bxg2 16. Kxg2 Nc6 17. Nc3 Nxe5 18. Rd4 c5 19. Rf4 Rxf4 20. exf4 Nxc4
21. b3 Ne3+ 22. Kf3 Nd5 23. Nb5 a6 24. Nd6 Rd8 25. Nc4 b5 26. Ne5 Nb4 27. Rc1
Nd3 28. Nxd3 Rxd3+ 29. Ke4 Rd5 30. a4 b4 31. g4 Kf7 32. h4 Ke7 33. h5 Kd6 34.
Ke3 Rd4 35. Rg1 e5 36. f5 c4 37. bxc4 Kc5 38. g5 hxg5 39. Rxg5 Rd7 40. Ke4 b3
41. Rg1 b2 42. Rb1 Rb7 43. h6 gxh6 44. f6 Kxc4 45. f7 Rxf7 46. Rxb2 h5 47. Rb6
a5 48. Rb5 h4 49. Rxa5 h3 50. Ra8 Rh7 51. Rc8+ Kb4 52. Rc1 Rh5 53. Kf3 Kxa4 54.
Kg4 Rh8 55. Kf5 Rh5+ 56. Kg4 Rh8 57. Kf5 h2 58. Rh1 Rh5+ 59. Kg4 Rh8 60. Kf5 Kb4
61. Kxe5 Kc3 62. Kf4 Kd3 63. Kg3 Ke3 64. Re1+ Kd2 65. Rh1 1/2-1/2

[Event "Pepe Cuenca Invitational"]
[Site "chess24.com INT"]
[Date "2020.04.12"]
[EventDate "2020.04.12"]
[Round "1.1"]
[Result "1/2-1/2"]
[White "Leinier Dominguez Perez"]
[Black "Vladislav Artemiev"]
[WhiteElo "2758"]
[BlackElo "2716"]
[PlyCount "102"]

1. e4 d5 2. exd5 Qxd5 3. Nc3 Qa5 4. d4 Nf6 5. Nf3 c6 6. Bc4
Bg4 7. h3 Bxf3 8. Qxf3 e6 9. Bd2 Qc7 10. O-O-O Nbd7 11. g4 Bd6
12. g5 Nd5 13. Nxd5 cxd5 14. Bd3 Nb6 15. Kb1 O-O-O 16. h4 Kb8
17. h5 Qe7 18. Bc1 Rc8 19. Rde1 Nc4 20. g6 hxg6 21. hxg6 Rxh1
22. Qxh1 Qf6 23. gxf7 Qxf7 24. Qh3 Qxf2 25. Qxe6 Qxd4 26. Bxc4
dxc4 27. Be3 Qf6 28. Bxa7+ Kxa7 29. Qxc8 Qd4 30. Qh3 Bc5
31. Qc3 Qxc3 32. bxc3 Ba3 33. Re5 Ka6 34. Rg5 b5 35. Rxg7 Kb6
36. Rg8 Kb7 37. Re8 Ka7 38. Re6 Kb7 39. Re1 Ka7 40. Ka1 Kb6
41. Rh1 Ka6 42. Rh7 Kb6 43. Rf7 Ka6 44. Rd7 Kb6 45. Rd8 Kb7
46. Rd1 Kb6 47. Rb1 Ka6 48. Rb4 Ka5 49. Rb1 Ka6 50. Rg1 Kb6
51. Rg8 Kb7 1/2-1/2

[Event "Pepe Cuenca Invitational"]
[Site "chess24.com INT"]
[Date "2020.04.12"]
[EventDate "2020.04.12"]
[Round "1.2"]
[Result "1-0"]
[White "Vladislav Artemiev"]
[Black "Leinier Dominguez Perez"]
[WhiteElo "2716"]
[BlackElo "2758"]
[PlyCount "151"]

1. d4 d5 2. Bg5 h6 3. Bh4 c6 4. e3 Qb6 5. Qc1 Bf5 6. Nf3 e6
7. Be2 Be7 8. Bxe7 Nxe7 9. O-O Nd7 10. c4 O-O 11. Nc3 Bg4
12. b3 Rac8 13. Qa3 Rfe8 14. h3 Bxf3 15. Bxf3 Qc7 16. Rac1 Qb8
17. Rfd1 a6 18. Na4 Nf5 19. Bg4 Nf6 20. cxd5 cxd5 21. Bxf5
exf5 22. Rxc8 Rxc8 23. Rc1 Re8 24. Qc5 f4 25. Qc7 Qxc7
26. Rxc7 fxe3 27. fxe3 Rxe3 28. Rxb7 Re2 29. Nc3 Rc2 30. Rc7
Rd2 31. Rc6 Rxd4 32. Rxa6 Rd2 33. Rd6 d4 34. Nb5 d3 35. Nc3
Nh5 36. Ne4 Re2 37. Nc3 Rd2 38. Ne4 Rxa2 39. Rxd3 Nf4 40. Rd2
Ra1+ 41. Kf2 Rb1 42. Nc5 Ne6 43. Nxe6 fxe6 44. Rd3 Rb2+
45. Kf3 Kf7 46. h4 h5 47. g3 Kf6 48. Ke4 Re2+ 49. Re3 Rb2
50. Rf3+ Ke7 51. Ke5 Re2+ 52. Kd4 Kd6 53. Re3 Rb2 54. Rd3 Rb1
55. Kc4+ Ke5 56. b4 Ke4 57. Rb3 Rc1+ 58. Rc3 Rb1 59. b5 e5
60. Kc5 Kf5 61. Rc4 e4 62. Rb4 Rc1+ 63. Kd4 Rd1+ 64. Ke3 Rd3+
65. Ke2 Rd7 66. b6 Rb7 67. Ke3 Kg4 68. Kxe4 Kxg3 69. Kf5 Kh3
70. Kg5 Kg3 71. Kxh5 Kf3 72. Kg6 Ke3 73. Kf5 Kd3 74. Ke5 Kc3
75. Rb1 Kc4 76. Kd6 1-0

[Event "Pepe Cuenca Invitational"]
[Site "chess24.com INT"]
[Date "2020.04.12"]
[EventDate "2020.04.12"]
[Round "1.3"]
[Result "0-1"]
[White "Leinier Dominguez Perez"]
[Black "Vladislav Artemiev"]
[WhiteElo "2758"]
[BlackElo "2716"]
[PlyCount "94"]

1. e4 c6 2. d4 d5 3. e5 Bf5 4. Nf3 e6 5. Be2 Nd7 6. O-O Bg6
7. Nbd2 Nh6 8. Nb3 Be7 9. Bf4 Nf5 10. c3 O-O 11. Bd3 c5
12. dxc5 Nxc5 13. Nxc5 Bxc5 14. Qe2 Nh4 15. Nxh4 Qxh4 16. Be3
Rac8 17. Rad1 Bxd3 18. Qxd3 Qa4 19. a3 Qb3 20. Bc1 b5 21. h4
Qc4 22. Qg3 Kh8 23. h5 h6 24. Be3 Bxe3 25. Qxe3 Qg4 26. Qxa7
Qxh5 27. Qe3 Rc4 28. Rd4 Rfc8 29. Rfd1 Qf5 30. g3 Rxd4
31. Rxd4 Qb1+ 32. Kg2 Qxb2 33. Rf4 Kg8 34. Qa7 Rf8 35. Qc5 Qe2
36. Qd6 Qb2 37. Qc5 Qe2 38. Qd6 h5 39. Qc7 Qd3 40. Qc5 g5
41. Rd4 Qe2 42. Qd6 Rc8 43. Qd7 Rxc3 44. Qd8+ Kh7 45. Qxg5
Qf3+ 46. Kg1 Rc2 47. Rf4 Rc1+ 0-1

[Event "Pepe Cuenca Invitational"]
[Site "chess24.com INT"]
[Date "2020.04.12"]
[EventDate "2020.04.12"]
[Round "1.4"]
[Result "0-1"]
[White "Vladislav Artemiev"]
[Black "Leinier Dominguez Perez"]
[WhiteElo "2716"]
[BlackElo "2758"]
[PlyCount "108"]

1. d4 d5 2. Bf4 Nf6 3. e3 e6 4. Nd2 Bd6 5. Ngf3 O-O 6. c3 Bxf4
7. exf4 b6 8. Bd3 Ba6 9. Bxa6 Nxa6 10. Qe2 Nb8 11. O-O c5
12. Ne5 Qd6 13. Ndf3 Ne4 14. Rfd1 f6 15. dxc5 Nxc5 16. b4 Na4
17. Nc4 Qc6 18. Ne3 Nxc3 19. Qd3 Nxd1 20. Rxd1 Nd7 21. Nd4 Qd6
22. f5 Ne5 23. Qb3 exf5 24. Ndxf5 Qe6 25. Rxd5 Kh8 26. h4 Rac8
27. h5 Nc4 28. Qd3 Nxe3 29. Nxe3 Rfe8 30. h6 gxh6 31. Rd7 Re7
32. Rd8+ Re8 33. Rd5 Rc1+ 34. Kh2 Qe4 35. Qxe4 Rxe4 36. Nf5
Re8 37. Rd7 Rc2 38. Kg3 Rxa2 39. Nxh6 Ra8 40. Nf7+ Kg7
41. Ne5+ Kg8 42. Ng4 Rf8 43. Nh6+ Kh8 44. Nf7+ Kg7 45. Nd8+
Kg6 46. Ne6 Rg8 47. Kf3 Kf5 48. Nf4 Ra3+ 49. Nd3 Ke6 50. Rd4
Ke7 51. Ke2 Rd8 52. Re4+ Kf7 53. Nf4 Re8 54. Rxe8 Kxe8 0-1

[Event "Pepe Cuenca Invitational"]
[Site "chess24.com INT"]
[Date "2020.04.12"]
[EventDate "2020.04.12"]
[Round "1.5"]
[Result "1/2-1/2"]
[White "Leinier Dominguez Perez"]
[Black "Vladislav Artemiev"]
[WhiteElo "2758"]
[BlackElo "2716"]
[PlyCount "164"]

1. d4 Nf6 2. Nf3 g6 3. e3 Bg7 4. Be2 O-O 5. O-O b6 6. c4 Bb7
7. Nc3 d5 8. cxd5 Nxd5 9. Bd2 Nd7 10. Nxd5 Bxd5 11. Qc2 Nf6
12. Rac1 c6 13. Ne5 Rc8 14. Bb4 c5 15. dxc5 Ne4 16. Nd3 bxc5
17. Ba3 c4 18. Nf4 c3 19. Nxd5 Qxd5 20. Bf3 cxb2 21. Qxc8
bxc1=Q 22. Qxc1 Qe5 23. Bxe4 Qxe4 24. Qc7 Bf6 25. Qxa7 Ra8
26. Qc5 Qd3 27. Bb4 Rxa2 28. Qc7 Rc2 29. Qa7 Qe4 30. Bc5 h5
31. h3 g5 32. Bd4 Bxd4 33. exd4 Kg7 34. d5 Rd2 35. Qa1+ Qd4
36. Qe1 Kf6 37. Qb1 Qxd5 38. Qh7 h4 39. Qh6+ Kf5 40. Qh7+ Ke6
41. Re1+ Kd7 42. Qb1 Qc5 43. Rf1 e6 44. Qh7 Ke7 45. Qg7 Qd5
46. Kh2 Qd6+ 47. Kg1 Qd5 48. Kh2 Qd6+ 49. Kg1 Qf4 50. Qa1 Qd4
51. Qa8 Rd1 52. Rxd1 Qxd1+ 53. Kh2 Qd6+ 54. Kg1 Qd5 55. Qa7+
Kf6 56. Qa1+ Kg6 57. Qb1+ Qf5 58. Qa1 Qf6 59. Qb1+ Kg7 60. Qd1
Qe5 61. Qc1 f6 62. Qd1 Kg6 63. Qb1+ f5 64. Qd1 Qd5 65. Qa1 Qe4
66. Qd1 g4 67. hxg4 fxg4 68. Qd8 g3 69. fxg3 Qe1+ 70. Kh2
Qxg3+ 71. Kh1 e5 72. Qg8+ Kf6 73. Qf8+ Kg5 74. Qe7+ Kf4
75. Qf6+ Ke3 76. Qb6+ Ke2 77. Qb2+ Kf1 78. Qb5+ Kf2 79. Qb2+
Ke3 80. Qb3+ Ke4 81. Qc4+ Kf5 82. Qf7+ Ke4 1/2-1/2

[Event "Pepe Cuenca Invitational"]
[Site "chess24.com INT"]
[Date "2020.04.12"]
[EventDate "2020.04.12"]
[Round "1.6"]
[Result "1-0"]
[White "Vladislav Artemiev"]
[Black "Leinier Dominguez Perez"]
[WhiteElo "2716"]
[BlackElo "2758"]
[PlyCount "73"]

1. c4 e6 2. g3 d5 3. Bg2 Nf6 4. Nf3 Be7 5. O-O O-O 6. cxd5
exd5 7. b3 Re8 8. Bb2 c6 9. d3 Bf5 10. Nbd2 Nbd7 11. Qc2 Bf8
12. Rfe1 h6 13. a3 a5 14. Rad1 Qb6 15. e4 Be6 16. e5 Nh7
17. d4 c5 18. Nf1 Rac8 19. Ne3 cxd4 20. Bxd4 Rxc2 21. Bxb6 Rc3
22. Bxa5 Rxb3 23. Nxd5 Bg4 24. Re3 Rxa3 25. Rxa3 Bxa3 26. Nc7
Rc8 27. e6 Ndf6 28. exf7+ Kxf7 29. Ne5+ Kf8 30. Nxg4 Nxg4
31. Bxb7 Rb8 32. Rd7 Ng5 33. Na6 Re8 34. Bc3 Nf6 35. Bxf6 gxf6
36. h4 Nf3+ 37. Bxf3 1-0

[Event "Pepe Cuenca Invitational"]
[Site "chess24.com INT"]
[Date "2020.04.12"]
[EventDate "2020.04.12"]
[Round "1.7"]
[Result "1-0"]
[White "Leinier Dominguez Perez"]
[Black "Vladislav Artemiev"]
[WhiteElo "2758"]
[BlackElo "2716"]
[PlyCount "151"]

1. d4 Nf6 2. Nf3 g6 3. e3 Bg7 4. Be2 O-O 5. O-O d5 6. b4 Bg4
7. Nbd2 Nbd7 8. Bb2 Nb6 9. c4 Nxc4 10. Nxc4 dxc4 11. Bxc4 Qd6
12. a3 c6 13. h3 Be6 14. Qe2 Bxc4 15. Qxc4 Qd5 16. Rfc1 a5
17. Ne5 Qxc4 18. Nxc4 axb4 19. axb4 Nd5 20. Rab1 Ra4 21. Bc3
Nxc3 22. Rxc3 Ra2 23. Rcc1 Rfa8 24. b5 cxb5 25. Rxb5 Rc8
26. Rbb1 Bf6 27. g3 Rc6 28. Kg2 Ra4 29. Nb6 Rxc1 30. Rxc1 Ra6
31. Nd5 Ra5 32. Rc8+ Kg7 33. Nc7 g5 34. Rb8 Kg6 35. Rxb7 h5
36. g4 hxg4 37. hxg4 e6 38. Ne8 Rd5 39. Nxf6 Kxf6 40. Kf3 Ra5
41. Ke4 Ra2 42. f3 Ra4 43. Rb6 Ke7 44. Rb5 Kf6 45. Rc5 Rb4
46. Rc7 Ra4 47. Kd3 Ra3+ 48. Rc3 Ra1 49. Ke4 Ra4 50. Rc1 Ke7
51. Rb1 Kf6 52. f4 gxf4 53. exf4 Ra2 54. Re1 Rg2 55. g5+ Kg6
56. Ke5 Ra2 57. f5+ exf5 58. d5 Ra8 59. Rg1 Re8+ 60. Kd4 f4
61. d6 Kf5 62. Kd5 f3 63. d7 Ra8 64. Kc6 Kf4 65. Kc7 Ra7+
66. Kc8 Ra8+ 67. Kc7 Ra7+ 68. Kd6 Ra8 69. Ke7 f2 70. Rf1 Kg3
71. d8=Q Rxd8 72. Kxd8 Kg2 73. Rxf2+ Kxf2 74. Ke7 Kf3 75. Kxf7
Kf4 76. g6 1-0

[Event "Pepe Cuenca Invitational"]
[Site "chess24.com INT"]
[Date "2020.04.12"]
[EventDate "2020.04.12"]
[Round "1.8"]
[Result "1-0"]
[White "Vladislav Artemiev"]
[Black "Leinier Dominguez Perez"]
[WhiteElo "2716"]
[BlackElo "2758"]
[PlyCount "103"]

1. d4 d5 2. Nf3 Nf6 3. e3 e6 4. Bd3 c5 5. O-O c4 6. Be2 b5
7. b3 Bb7 8. Nc3 b4 9. Na4 c3 10. a3 a5 11. Ne5 Nbd7 12. Bb5
Qc7 13. axb4 axb4 14. e4 Bd6 15. Bf4 O-O 16. Nxd7 Nxd7 17. e5
Be7 18. Qg4 Rfd8 19. Bh6 g6 20. Bxd7 Rxd7 21. Qf4 Bc6 22. Nc5
Rdd8 23. h4 Rxa1 24. Rxa1 Ra8 25. Rxa8+ Bxa8 26. h5 Bc6
27. Bg5 Bf8 28. Bf6 Bb5 29. Qh4 Qc8 30. Be7 Qe8 31. Bxf8 Qxf8
32. Qg5 h6 33. Qg4 g5 34. f4 Qd8 35. f5 Bd7 36. fxe6 fxe6
37. Qf3 Bc8 38. Nd3 Qb6 39. Nc5 Qd8 40. Nd3 Qb6 41. Qf2 Bd7
42. Nc5 Be8 43. Qf6 Bf7 44. Qxh6 Qd8 45. g4 Qe7 46. Qf6 Qxf6
47. exf6 Kh7 48. Nd7 Kg8 49. Kf2 Be8 50. Ne5 Bb5 51. f7+ Kf8
52. h6 1-0

[Event "Pepe Cuenca Invitational"]
[Site "chess24.com INT"]
[Date "2020.04.12"]
[EventDate "2020.04.12"]
[Round "1.9"]
[Result "1/2-1/2"]
[White "Leinier Dominguez Perez"]
[Black "Vladislav Artemiev"]
[WhiteElo "2758"]
[BlackElo "2716"]
[PlyCount "71"]

1. d4 d5 2. Nf3 Nf6 3. e3 Bf5 4. Bd3 Bxd3 5. Qxd3 c6 6. O-O e6
7. b3 Nbd7 8. c4 Bd6 9. Ba3 Bxa3 10. Nxa3 Qe7 11. Nb1 e5
12. dxe5 Nxe5 13. Nxe5 Qxe5 14. Nd2 O-O 15. Nf3 Qe7 16. cxd5
Rfd8 17. Qc4 Rxd5 18. Rfd1 Rad8 19. Rd4 Rxd4 20. Nxd4 Qe5
21. Rc1 Ng4 22. Nf3 Qb2 23. Rf1 Ne5 24. Nxe5 Qxe5 25. Qc2 Rd5
26. Rd1 g6 27. Rxd5 Qxd5 28. g3 c5 29. a4 b6 30. Qc4 Qf3
31. Qd3 h5 32. h4 Kg7 33. Qc3+ Kg8 34. Qd3 Kg7 35. Qc3+ Kg8
36. Qd3 1/2-1/2

[Event "Pepe Cuenca Invitational"]
[Site "chess24.com INT"]
[Date "2020.04.12"]
[EventDate "2020.04.12"]
[Round "1.10"]
[Result "1/2-1/2"]
[White "Vladislav Artemiev"]
[Black "Leinier Dominguez Perez"]
[WhiteElo "2716"]
[BlackElo "2758"]
[PlyCount "117"]

1. d4 d5 2. Bg5 h6 3. Bh4 c6 4. Nf3 Qb6 5. b3 Bf5 6. e3 e6
7. Bd3 Bxd3 8. Qxd3 Nd7 9. O-O Be7 10. Bxe7 Nxe7 11. c4 O-O
12. Nc3 Rfd8 13. h3 Rac8 14. Rfc1 Ng6 15. Qe2 Qa6 16. a4 dxc4
17. Qxc4 Qa5 18. Ne4 Qd5 19. Qxd5 exd5 20. Nc5 Nxc5 21. Rxc5
Nf8 22. b4 Ne6 23. Rc3 a6 24. Ne5 f6 25. Nd3 Ra8 26. Rb1 Rdc8
27. f3 Kf7 28. Kf2 Ke7 29. Nc5 Rc7 30. Nxe6 Kxe6 31. b5 axb5
32. axb5 Ra2+ 33. Kg3 Kd6 34. bxc6 bxc6 35. Rbc1 Re2 36. R1c2
Rxc2 37. Rxc2 c5 38. dxc5+ Rxc5 39. Ra2 Rc7 40. Kf4 Ke6
41. Ra6+ Kf7 42. Rd6 Rc4+ 43. Kg3 Rc3 44. Kf2 Rc2+ 45. Kf1 Rd2
46. Rd7+ Kg6 47. h4 h5 48. g3 Kh6 49. Rd6 Kg6 50. Rd7 Kh6
51. Rd6 Kh7 52. Rd7 Kg6 53. Kg1 Re2 54. Rxd5 Rxe3 55. Kf2 Ra3
56. Rd2 Ra5 57. Kg2 Kf5 58. Kf2 Ra4 59. Kg2 1/2-1/2

[Event "Pepe Cuenca Invitational"]
[Site "chess24.com INT"]
[Date "2020.04.12"]
[EventDate "2020.04.12"]
[Round "1.11"]
[Result "0-1"]
[White "Leinier Dominguez Perez"]
[Black "Vladislav Artemiev"]
[WhiteElo "2758"]
[BlackElo "2716"]
[PlyCount "70"]

1. e4 c6 2. d4 d5 3. e5 Bf5 4. Nf3 e6 5. Be2 Nd7 6. O-O Bg6
7. Nbd2 Nh6 8. Nb3 Be7 9. c3 O-O 10. Bf4 c5 11. dxc5 Nxc5
12. Nxc5 Bxc5 13. Qd2 Nf5 14. g4 Ne7 15. Nd4 Nc6 16. Bg3 Bb6
17. h4 h6 18. h5 Bh7 19. Kg2 Nxd4 20. cxd4 Rc8 21. Rac1 Qd7
22. Bf4 Qa4 23. b4 Qd7 24. g5 Rxc1 25. Rxc1 hxg5 26. Bxg5 Bd8
27. h6 f6 28. exf6 Bxf6 29. Bf4 Qf7 30. Rc7 Be4+ 31. f3 Qg6+
32. Bg3 Bf5 33. hxg7 Bxg7 34. Rxb7 Rc8 35. Qe3 Rc2 0-1